Operational wind turbines in the U.K. (Record no. 92275)

MARC details
000 -LEADER
fixed length control field 00672cam a2200241 4500
001 - CONTROL NUMBER
control field J2277
008 - FIXED-LENGTH DATA ELEMENTS--GENERAL INFORMATION
fixed length control field 090401t1994 xxu||||| |||| 00| 0 eng d
035 ## - SYSTEM CONTROL NUMBER
System control number (Sirsi) u48065
041 ## - LANGUAGE CODE
Language code of text/sound track or separate title eng
050 ## - LIBRARY OF CONGRESS CALL NUMBER
Classification number 621.45
100 ## - MAIN ENTRY--PERSONAL NAME
Personal name Milborrow, D.J.
245 ## - TITLE STATEMENT
Title Operational wind turbines in the U.K.
260 ## - PUBLICATION, DISTRIBUTION, ETC.
Place of publication, distribution, etc. London
Name of publisher, distributor, etc. British Wind Energy Association
Date of publication, distribution, etc. 1994
300 ## - PHYSICAL DESCRIPTION
Extent (3)p. : ill.,map ; 30cm.
350 ## - PRICE (NR) (BK AM CF MU VM SE) [OBSOLETE]
Price 0
520 ## - SUMMARY, ETC.
Summary, etc. Revised list dated 11 Match 1994.
650 ## - SUBJECT ADDED ENTRY--TOPICAL TERM
Topical term or geographic name entry element WIND ENERGY
650 ## - SUBJECT ADDED ENTRY--TOPICAL TERM
Topical term or geographic name entry element WIND TURBINES
690 ## - LOCAL SUBJECT ADDED ENTRY--TOPICAL TERM (OCLC, RLIN)
Topical term or geographic name as entry element ENVIRONMENTAL AND LAND CONSULTANCY-ENERGY
710 ## - ADDED ENTRY--CORPORATE NAME
Corporate name or jurisdiction name as entry element British Wind Energy Association
9 (RLIN) 3338
942 ## - ADDED ENTRY ELEMENTS (KOHA)
Suppress in OPAC 0
948 ## - LOCAL PROCESSING INFORMATION (OCLC); SERIES PART DESIGNATOR (RLIN)
c (OCLC) 04/03/1997
Holdings
Withdrawn status Lost status Source of classification or shelving scheme Damaged status Not for loan Home library Current library Shelving location Date acquired Total Checkouts Full call number Barcode Date last seen Copy number Price effective from Koha item type
    Dewey Decimal Classification     London London Pamphlets 04/05/1994   P621.45 30041471 06/08/2019 1 06/08/2019 Book